[Event "Pardubice TEV op"]
[Site "Pardubice"]
[Date "2011.07.28"]
[Round "7"]
[White "Laubsch, Bernd"]
[Black "Pflantz, Mike"]
[Result "1-0"]
[WhiteElo "2284"]
[BlackElo "2131"]
[PlyCount "47"]
[EventDate "2011.07.22"]
[EventType "swiss"]
[EventRounds "9"]
[EventCountry "CZE"]
[SourceTitle "EXT 2012"]
[Source "ChessBase"]
[SourceDate "2011.11.24"]
[SourceVersion "1"]
[SourceVersionDate "2011.11.24"]
[SourceQuality "1"]

1. e4 e6 2. d4 d5 3. Nd2 Nc6 4. Ngf3 Nf6 5. e5 Ne4 6. Bd3 f5 7. exf6 Nxf6 8. 0-0 Bd6 9. c3 0-0 10. Qe2 Qe8 11. Ne5 Qh5 12. f4 Qxe2 13. Bxe2 Bxe5 14. fxe5 Nd7 15. Nf3 Nb6 16. b3 Bd7 17. Ba3 Rf7 18. Bd3 g6 19. Ng5 Rxf1+ 20. Rxf1 Re8 21. g4 Nd8 22. h4 Kg7 23. Rf6 Bc8 24. Nxh7 1-0

[Event "Oberliga Nord O 0910"]
[Site "Germany"]
[Date "2010.03.21"]
[Round "8.1"]
[White "Moranda, Wojciech"]
[Black "Pflantz, Mike"]
[Result "1-0"]
[WhiteElo "2579"]
[BlackElo "2167"]
[PlyCount "89"]
[EventDate "2009.10.18"]
[EventType "team-tourn"]
[EventRounds "9"]
[EventCountry "GER"]
[SourceTitle "EXT 2011"]
[Source "ChessBase"]
[SourceDate "2010.11.26"]
[SourceVersion "1"]
[SourceVersionDate "2010.11.26"]
[SourceQuality "1"]
[WhiteTeam "Ruedersdorf"]
[BlackTeam "Kreuzberg"]
[WhiteTeamCountry "GER"]
[BlackTeamCountry "GER"]

1. d4 Nf6 2. c4 e5 3. dxe5 Ng4 4. Bf4 Bb4+ 5. Nd2 Nc6 6. Ngf3 Qe7 7. e3 Ngxe5 8. Nxe5 Nxe5 9. Be2 a5 10. 0-0 a4 11. Rc1 d6 12. Nb1 a3 13. b3 0-0 14. Nc3 c6 15. Qd4 Bc5 16. Qd2 Bb4 17. Rfd1 Kh8 18. Bg3 f5 19. Rc2 Qf7 20. c5 Bxc5 21. Na4 Rxa4 22. bxa4 Qe7 23. a5 g5 24. Rxc5 dxc5 25. f4 Nf7 26. fxg5 Qxg5 27. Qc3+ Kg8 28. Qxc5 Be6 29. Bf4 Qg7 30. Qxa3 Bd5 31. g3 Ng5 32. Bxg5 Qxg5 33. Rd4 Re8 34. Kf2 Qh6 35. h4 Qe6 36. Rf4 Bxa2 37. g4 fxg4 38. Rxg4+ Kf7 39. Rf4+ Kg8 40. Rg4+ Kf7 41. Rg3 Re7 42. Qb2 Qd5 43. Qg7+ Ke8 44. Qh8+ Kd7 45. Bg4+ 1-0

[Event "Prague op-A 09th"]
[Site "Prague"]
[Date "2010.01.11"]
[Round "4"]
[White "Bielczyk, Jacek"]
[Black "Pflantz, Mike"]
[Result "1-0"]
[WhiteElo "2299"]
[BlackElo "2167"]
[PlyCount "67"]
[EventDate "2010.01.08"]
[EventType "swiss"]
[EventRounds "9"]
[EventCountry "CZE"]
[SourceTitle "CBM 134 Extra"]
[Source "ChessBase"]
[SourceDate "2010.03.03"]
[SourceVersion "1"]
[SourceVersionDate "2010.03.03"]
[SourceQuality "1"]

1. e4 e6 2. d4 d5 3. Nc3 Bb4 4. Nge2 dxe4 5. a3 Be7 6. Nxe4 Nd7 7. N2g3 Ngf6 8. Qd3 b6 9. Bf4 Bb7 10. 0-0-0 Nd5 11. Bd2 f5 12. Nc3 N7f6 13. f3 0-0 14. Re1 Nxc3 15. Qxc3 Bd5 16. Qd3 Qd7 17. c4 Bb7 18. Bc3 b5 19. Qe2 Kf7 20. d5 exd5 21. Nxf5 Qxf5 22. Qxe7+ Kg8 23. Qxc7 d4 24. Bxd4 Bd5 25. Re5 Qg6 26. Bd3 Qxd3 27. Rxd5 Qg6 28. Bxf6 Qxf6 29. Qe5 Qxe5 30. Rxe5 bxc4 31. Rc5 Rac8 32. Rxc8 Rxc8 33. Kd2 Kf7 34. Re1 1-0

[Event "Berlin op 07"]
[Site "Berlin"]
[Date "2009.07.26"]
[Round "9"]
[White "Welz, Peter"]
[Black "Pflantz, Mike"]
[Result "1/2-1/2"]
[WhiteElo "2101"]
[BlackElo "2184"]
[PlyCount "163"]
[EventDate "2009.07.18"]
[EventType "swiss"]
[EventRounds "9"]
[EventCountry "GER"]
[SourceTitle "CBM 131 Extra"]
[Source "ChessBase"]
[SourceDate "2009.09.03"]
[SourceVersion "2"]
[SourceVersionDate "2009.09.16"]
[SourceQuality "1"]

1. e4 e6 2. d4 d5 3. e5 c5 4. dxc5 Nc6 5. Nf3 Bxc5 6. Bd3 f6 7. Bf4 fxe5 8. Nxe5 Nxe5 9. Bxe5 Nf6 10. Nd2 Bd6 11. Nf3 Bxe5 12. Nxe5 0-0 13. 0-0 Qd6 14. Qe2 Bd7 15. Rae1 Rae8 16. Qe3 a6 17. Qh3 Bb5 18. c4 dxc4 19. Bxc4 Nd5 20. Re4 Rf5 21. Bxb5 axb5 22. Rfe1 Ref8 23. Nd3 Nc7 24. Qe3 b6 25. Rd4 Rd5 26. Rxd5 exd5 27. Qe7 Qxe7 28. Rxe7 Rf7 29. Rxf7 Kxf7 30. Kf1 Ke6 31. Ke2 d4 32. Nb4 Ke5 33. Kd3 Ne6 34. g3 Nc5+ 35. Ke2 g5 36. f3 Ne6 37. b3 Kd6 38. Kd2 Ke5 39. Ke2 Kd6 40. Kf2 Kc5 41. Nd3+ Kd5 42. h4 h6 43. h5 Ng7 44. g4 Ne6 45. Kg3 Kd6 46. f4 gxf4+ 47. Nxf4 Ng5 48. Nd3 Ke6 49. Kf4 Kf6 50. Nb4 Ke6 51. Nc6 d3 52. Ke3 Nh3 53. Nd4+ Kf6 54. Nxb5 d2 55. Kxd2 Nf2 56. Nc3 Nxg4 57. Nd5+ Ke5 58. Nxb6 Nf6 59. a4 Kd6 60. b4 Nxh5 61. b5 Nf6 62. Nc4+ Kc5 63. Kc3 h5 64. Ne5 h4 65. Nd3+ Kb6 66. Kb4 Nd5+ 67. Kc4 Ne3+ 68. Kd4 Nc2+ 69. Kc3 Ne3 70. Nf4 Kc5 71. Kd3 Nc4 72. Kc3 Ne3 73. Kb3 Nf5 74. Ne6+ Kd6 75. Ng5 Kc5 76. Ne4+ Kd5 77. Nf6+ Kc5 78. Kc3 h3 79. Ne4+ Kd5 80. b6 Kc6 81. a5 h2 82. Nf2 1/2-1/2

[Event "Prague op 05th"]
[Site "Prague"]
[Date "2006.01.19"]
[Round "8"]
[White "Nemcova, Katerina"]
[Black "Pflantz, Mike"]
[Result "1/2-1/2"]
[WhiteElo "2126"]
[BlackElo "2217"]
[PlyCount "55"]
[EventDate "2006.01.13"]
[EventType "swiss"]
[EventRounds "9"]
[EventCountry "CZE"]
[SourceTitle "CBM 110 Extra"]
[Source "ChessBase"]
[SourceDate "2006.03.10"]
[SourceVersion "2"]
[SourceVersionDate "2006.03.10"]
[SourceQuality "1"]

1. e4 e6 2. d4 d5 3. Nd2 Nf6 4. e5 Nfd7 5. Bd3 b6 6. c3 Ba6 7. Bb1 c5 8. Ne2 Nc6 9. Nf3 Qc7 10. 0-0 h6 11. a3 g5 12. h3 Be7 13. b4 cxb4 14. cxb4 0-0-0 15. Bd3 Bxd3 16. Qxd3 Kb7 17. Bd2 Rc8 18. Rac1 Qd8 19. b5 Na5 20. Rxc8 Qxc8 21. Rc1 Nc4 22. Bb4 Qf8 23. Nd2 Bxb4 24. axb4 Nxd2 25. Qxd2 Nb8 26. Qc3 Qe7 27. Ng3 Qd7 28. Qd3 1/2-1/2

[Event "Prague op 05th"]
[Site "Prague"]
[Date "2006.01.16"]
[Round "5"]
[White "Pflantz, Mike"]
[Black "Fox, Anthony"]
[Result "1/2-1/2"]
[WhiteElo "2217"]
[BlackElo "2120"]
[PlyCount "58"]
[EventDate "2006.01.13"]
[EventType "swiss"]
[EventRounds "9"]
[EventCountry "CZE"]
[SourceTitle "CBM 110 Extra"]
[Source "ChessBase"]
[SourceDate "2006.03.10"]
[SourceVersion "2"]
[SourceVersionDate "2006.03.10"]
[SourceQuality "1"]

1. d4 d5 2. c4 e6 3. Nc3 Be7 4. Nf3 Nf6 5. cxd5 exd5 6. Bg5 c6 7. Qc2 Nbd7 8. e3 0-0 9. Bd3 Re8 10. 0-0 Nf8 11. Rab1 Be6 12. b4 a6 13. a4 N6d7 14. Bxe7 Qxe7 15. Rfc1 Rac8 16. b5 axb5 17. axb5 c5 18. dxc5 Rxc5 19. Qb2 Nb6 20. Ne2 Rec8 21. Nfd4 Nfd7 22. Rxc5 Nxc5 23. Bf5 g6 24. Bxe6 fxe6 25. Nf3 Ne4 26. h3 Qd6 27. Rd1 Nc4 28. Qd4 Qc5 29. Nf4 Qxd4 1/2-1/2

[Event "Berlin Kreuzberg op 3th"]
[Site "Berlin"]
[Date "2002.07.12"]
[Round "6"]
[White "Schoch, Thomas"]
[Black "Pflantz, Mike"]
[Result "1/2-1/2"]
[WhiteElo "1873"]
[BlackElo "2217"]
[PlyCount "37"]
[EventDate "2002.07.06"]
[EventType "swiss"]
[EventRounds "9"]
[EventCountry "GER"]
[SourceTitle "EXT 2022"]
[Source "ChessBase"]
[SourceDate "2021.10.06"]
[SourceVersion "1"]
[SourceVersionDate "2021.10.06"]
[SourceQuality "1"]

1. e4 c5 2. Nf3 e6 3. d4 cxd4 4. Nxd4 Qb6 5. Nb3 Qc7 6. Be3 d6 7. Nc3 a6 8. g4 b6 9. Qd2 Bb7 10. 0-0-0 Nd7 11. Rg1 Ngf6 12. f3 Ne5 13. Qf2 Nfd7 14. f4 Nc6 15. Be2 0-0-0 16. Kb1 Be7 17. g5 Kb8 18. h4 Nc5 19. Bf3 1/2-1/2

[Event "Berlin Kreuzberg op 3th"]
[Site "Berlin"]
[Date "2002.07.10"]
[Round "5"]
[White "Pflantz, Mike"]
[Black "Rennspiess, Jens"]
[Result "1-0"]
[WhiteElo "2217"]
[BlackElo "1787"]
[PlyCount "53"]
[EventDate "2002.07.06"]
[EventType "swiss"]
[EventRounds "9"]
[EventCountry "GER"]
[SourceTitle "EXT 2022"]
[Source "ChessBase"]
[SourceDate "2021.10.06"]
[SourceVersion "1"]
[SourceVersionDate "2021.10.06"]
[SourceQuality "1"]

1. d4 Nf6 2. c4 g6 3. Nc3 d6 4. e4 Bg7 5. Nf3 0-0 6. h3 Nfd7 7. Be3 c5 8. d5 Nb6 9. Qd2 Re8 10. 0-0-0 N8d7 11. Bh6 Bh8 12. Be2 Ne5 13. Nxe5 Bxe5 14. h4 Bd7 15. h5 Na4 16. hxg6 Nxc3 17. gxf7+ Kxf7 18. bxc3 Qa5 19. Bg7 Qa3+ 20. Kb1 Bxg7 21. Rxh7 Rh8 22. Bh5+ Kg8 23. Rxg7+ Kxg7 24. Qg5+ Kf8 25. Qf4+ Kg7 26. Qf7+ Kh6 27. Qg6# 1-0

[Event "Lueneburg distr Cup"]
[Site "Buchholz in der Nordheide"]
[Date "2000.04.01"]
[Round "1"]
[White "Pflantz, Mike"]
[Black "Kolthoff, Siegmund"]
[Result "0-1"]
[WhiteElo "2217"]
[BlackElo "2186"]
[PlyCount "84"]
[EventDate "2000.04.01"]
[EventType "k.o."]
[EventRounds "2"]
[EventCountry "GER"]
[SourceTitle "EXT 2008"]
[Source "ChessBase"]
[SourceDate "2007.11.25"]
[SourceVersion "1"]
[SourceVersionDate "2007.11.25"]
[SourceQuality "1"]

1. d4 d5 2. c4 c6 3. Nf3 Nf6 4. Nc3 e6 5. Bg5 h6 6. Bh4 dxc4 7. e4 g5 8. Bg3 b5 9. e5 Nd5 10. Be2 Qa5 11. Qd2 Nd7 12. Nxd5 Qxd2+ 13. Kxd2 cxd5 14. Ne1 h5 15. h4 g4 16. Bf4 f6 17. f3 fxe5 18. dxe5 Bg7 19. fxg4 hxg4 20. Bxg4 Nxe5 21. Be2 Bb7 22. h5 0-0-0 23. g4 Nf7 24. g5 e5 25. Bg4+ Kc7 26. Be6 Nd6 27. h6 exf4 28. Rh4 Ne4+ 29. Kd1 Nxg5 30. hxg7 Rxh4 31. g8Q Rxg8 32. Bxg8 d4 33. a4 a6 34. axb5 axb5 35. Ra7 Kb6 36. Ra1 Rh1 37. Ke2 Rh2+ 38. Kf1 Rxb2 39. Rc1 d3 40. Rd1 d2 41. Ng2 Bxg2+ 42. Kxg2 c3 0-1